000 00542nam a22001577a 4500
003 NUST
038 _aNusrat Nadeem
082 _a200
100 _aIqbal, Saeed
_929805
245 _aA Machine Learning-Driven Approach to Multi-Variable Solar Panel Health Monitoring/
_cSaeed Iqbal,
264 _aIslamabad:
_bSMME NUST.
_c2025.
650 _aPhD-Robotics and Intelligent Machine Engineering
_9123222
700 _aSupervisor: Dr. Muhammad Sajid
_9119652
856 _uhttp://10.250.8.41:8080/xmlui/handle/123456789/55812
942 _2ddc
_cSC
999 _c615255
_d615255